| 000 | 00424cam a22001097a 4500 | ||
|---|---|---|---|
| 008 | 180718b1962 xxu||||| |||| 00| 0 eng d | ||
| 082 | _aU61x5451 An24 | ||
| 245 |
_aBrochure on public sector undertakings in Andhra Pradesh _cby Bureau of Economics and Statistics, Andhra Pradesh |
||
| 260 |
_aHyderabad _bBureau of Economics and Statistics _c1962 |
||
| 300 | _a97+p. | ||
| 700 | _aAndhra Pradesh. Bureau of Economics and Statistics | ||
| 999 |
_c498377 _d498377 |
||